000 00700nam a2200289Ia 4500
005 20260324143238.0
008 008 260324s9999 xx 000 0 eng d
020 _a9781003028901
037 _aEBOOK
040 _aCRL
040 _beng
040 _cCRL
041 _2eng
041 _aeng
084 _qCRL
100 _aAthol D. Abrahams; John C. Dixon
_91214934
245 0 _aPeriglacial Geomorphology
245 0 _bBinghamton Geomorphology Symposium 22
260 _bTaylor and Francis
260 _c1992
365 _a
365 _b205
856 _uhttp://www.taylorfrancis.com/books/9781003028901
942 _cEBOOK
999 _c1820078
_d1820078